Obmedzenie vlastníckeho práva verejnou kanalizáciou

Výstavbou verejnej kanalizácie spravidla dochádza k zásahom do vlastníckeho práva iných osôb. Príspevok objasňuje, či vlastníkom dotknutých nehnuteľností vzniká v súvislosti s vybudovaním verejnej kanalizácie zákonné vecné bremeno, či vlastníkom nehnuteľností dotknutých verejnou kanalizáciou patrí p...

Descrizione completa

Salvato in:
Dettagli Bibliografici
Autore principale: Tekeli, Jozef
Natura: Capitolo di libro
Lingua:slovacco
Soggetti:
Tags: Aggiungi Tag
Nessun Tag, puoi essere il primo ad aggiungerne!!

MARC

LEADER 00000naa a2200000 4500
001 0300513
005 20241022133308.6
041 0 |a slo 
044 |a SK 
245 1 0 |a Obmedzenie vlastníckeho práva verejnou kanalizáciou  |c Jozef Tekeli 
520 |a Výstavbou verejnej kanalizácie spravidla dochádza k zásahom do vlastníckeho práva iných osôb. Príspevok objasňuje, či vlastníkom dotknutých nehnuteľností vzniká v súvislosti s vybudovaním verejnej kanalizácie zákonné vecné bremeno, či vlastníkom nehnuteľností dotknutých verejnou kanalizáciou patrí peňažná náhrada za obmedzenie ich vlastníckeho práva a akú povahu má táto peňažná náhrada, prípadne či nároky osôb, ktorých vlastnícke právo bolo obmedzené, sa premlčiavajú. 
610 2 0 |a kanalizácia 
610 2 0 |a právo vlastnícke 
610 2 0 |a vlastníci 
610 2 0 |a nehnuteľnosti 
610 2 0 |a úpravy právne 
610 2 0 |a bremeno vecné 
610 2 0 |a zákony 
100 1 |a Tekeli, Jozef